Nấc thang hạnh phúc

保存先:
書誌詳細
第一著者: Diệp, Chính Linh
フォーマット: 図書
言語:Undetermined
出版事項: Hà Nội Văn học 2011
主題:
タグ: タグ追加
タグなし, このレコードへの初めてのタグを付けませんか!
Thư viện lưu trữ: Trung tâm Học liệu Trường Đại học Cần Thơ
LEADER 00576nam a2200193Ia 4500
001 CTU_180822
008 210402s9999 xx 000 0 und d
020 |c 115000 
082 |a 895.1 
082 |b L312 
100 |a Diệp, Chính Linh 
245 0 |a Nấc thang hạnh phúc 
245 0 |c Diệp Chính Linh; Phạm Thanh Hương dịch 
260 |a Hà Nội 
260 |b Văn học 
260 |c 2011 
650 |a Chinese literature,Tiểu thuyết Trung Quốc 
910 |a Nguyên 
980 |a Trung tâm Học liệu Trường Đại học Cần Thơ